00665nam a2200157 a 450000100100000000500170001000800410002704000250006808200150009324500300010826000670013830000200020550000740022595201910029999900170049000004624720201002052733.0150710s19uu dr 000 0 spa d aDO-SdBNPbspacBNPHU axxxxbxxxx00aAlianzas y negociaciones. a[s. l.] :bEscuela Nacional del Partido del Trabajo,c[s. f.]. a38 p. ;c21 cm. aIncluye referencias bibliográficas y notas al pie de las páginas. 0010718PDaPDbPDcCTd2015-07-10iLF1l0oxxxx xxxxp46247-10r2020-06-25w2020-06-25yLFPDzPerteneció a la biblioteca personal de Chiqui Vicioso / Fidelio Despradel.ZNo se presta c45736d45736